000 01160cam a2200253 4500
001 ABS64569
008 010926n2001 000 0 eng u
035 _a(Sirsi) u114845
245 _aClarity from case law
260 _c2001
490 _aEstates Gazette
_v(0138) 22 September 2001, 182-184(3)
520 _aA Mainly for Students feature that looks at the many detailed issues that can arise in relation to dilapidations. Discusses case law, which helps determine the finer points of legal interpretation. Considers the light thrown by recent cases on what constitutes a repair, repairs and service charges, and repairs and forfeiture.
590 _aABS
650 _aDilapidations
_96235
650 _aMAINLY FOR STUDENTS
650 _aWELSH V GREENWICH LBC
650 _aPOST OFFICE V AQUARIUS PROPERTIES LTD
650 _aMANNAI INVESTMENT CO LTD V EAGLE STAR LIFE ASSURANCE CO LTD UK
650 _aINVESTORS COMPENSATION SCHEME LTD V WEST BROMWICH BUILDING SOCIETY
650 _aFLUOR DANIEL PROPERTIES LTD V SHORTLANDS INVESTMENTS LTD
650 _aCRAWFORD V CLARKE
690 _aLANDLORD AND TENANT-LEASES-CASE LAW
942 _n0
999 _c68375
_d68375